000 00386nam a2200169 i 4500
001 bg
245 0 _aFizika żidkogo sostojanija.
250 _aVyp. 7.
260 _aKiev :
_b"Visca Skola",
_c1979.
300 _as. 124, nlb. 12 :
_brys.
500 _a[Alf. ros.].
040 _cBPK
041 _apol
080 _a532
942 _cKS
008 s pl f |000 0 pol
999 _c18725
_d18725
856 _uhttp://koha.tu.koszalin.pl/cgi-bin/koha/opac-detail.pl?biblionumber=18725
_yKatalog online BPK